00577nam a2200193 a 4500001001300000003000900013005001700022008004100039020002500080082001900105100002300124245007900147260003300226300000900259500003500268505003300303650002400336700002300360nice12345678IN_TiNIC20260116013148.0050524s1990 newa grp 000 0 eng  a0883443 c710.500a230.09729bDAV aDavis, Koirtrights aEmancipation Still Cominb Explorations in Caribbean Emancipatory Theology aNew YorkbOrbis Books c1990 a164p aincludes index and biblioraphy2 aIndex, Selected Bibliography aLiberation-Theology1 aDavis, Koirtrights